Assessment management system of Corporate Social Responsibility in specific enterprise bakalárska práca
Saved in:
| Main Author: | |
|---|---|
| Corporate Author: | |
| Other Authors: | |
| Format: | Book |
| Language: | English |
| Published: |
Košice
2013
|
| Tags: |
No Tags, Be the first to tag this record!
|
MARC
| LEADER | 00000nbm a2200000 4500 | ||
|---|---|---|---|
| 001 | 0172353 | ||
| 005 | 20161109112045.7 | ||
| 041 | 0 | |a eng | |
| 044 | |a SK | ||
| 245 | 1 | 0 | |a Assessment management system of Corporate Social Responsibility in specific enterprise |b bakalárska práca |c Martin Cichý ; školiteľ: Lýdia Stankovič |
| 264 | 1 | |a Košice |c 2013 | |
| 300 | |a 63 s. | ||
| 100 | 1 | |a Cichý, Martin | |
| 700 | 1 | |a Stankovič, Lýdia | |
| 710 | 2 | |a Podnikovohospodárska fakulta EU so sídlom v Košiciach. Katedra manažmentu | |